| 000 | 00809nam a22002537a 4500 | ||
|---|---|---|---|
| 003 | DO-SdBNP | ||
| 005 | 20240308073620.0 | ||
| 007 | ta | ||
| 008 | 940222s2019 dr a j 000 0 spa d | ||
| 020 | _a9789945006988 | ||
| 040 |
_aDO-SdBNP _cBNPHU _bspa |
||
| 082 |
_axxx _bS78v |
||
| 100 | 1 |
_aStanley, Avelino, _d1959- _91536 |
|
| 245 | 1 | 0 |
_aValores en Juan Pablo Duarte / _cAvelino Stanley ; ilustraciones Hampton Rodríguez |
| 250 | _a6a. ed. | ||
| 260 |
_aSanto Domingo: _bEdiciones CP, _c2019. |
||
| 300 |
_a91 p. : _bil. ; _c21 cm. |
||
| 500 | _aIncluye datos biográficos del autor y el ilustrador en las paginas 90 y 91. | ||
| 504 | _aBibliografía p: 81-84 | ||
| 590 | _aInventariado, 2022 / YL | ||
| 700 | 1 | 2 |
_aRodríguez, Hampton _eil. _982495 _d1968- |
| 910 | _aYLockward | ||
| 942 |
_2ddc _cLBS1 |
||
| 999 |
_c52525 _d52525 |
||